Statistics for Central Line London Underground (Any Order)

Click here to take the quiz!

General Stats

  • This quiz has been taken 795 times
  • The average score is 33 of 49

Answer Stats

Hint Answer % Correct
26Liverpool Street
87%
22Holborn
85%
21Tottenham Court Road
85%
25Bank
84%
19Bond Street
82%
18Marble Arch
81%
29Stratford
81%
24St. Paul's
81%
23Chancery Lane
81%
49Epping
81%
30Leyton
77%
15Notting Hill Gate
77%
31Leytonstone
77%
28Mile End
77%
8Ealing Broadway
76%
12White City
74%
27Bethnal Green
73%
17Lancaster Gate
73%
13Shepherd's Bush
72%
16Queensway
72%
38Hainault
71%
1West Ruislip
70%
44Woodford
67%
10North Acton
66%
48Theydon Bois
66%
9West Acton
65%
14Holland Park
65%
11East Acton
64%
35Newbury Park
63%
2Ruislip Gardens
63%
46Loughton
61%
34Gants Hill
61%
43South Woodford
61%
7Hanger Lane
60%
3South Ruislip
58%
47Debden
58%
20Oxford Street
57%
39Grange Hill
57%
42Snaresbrook
56%
6Perivale
56%
32Wanstead
56%
41Roding Valley
54%
5Greenford
54%
33Redbridge
54%
4Northolt
54%
40Chigwell
52%
37Fairlop
51%
45Buckhurst Hill
51%
36Barkingside
50%

Score Distribution

Percentile by Number Answered

Percent of People with Each Score

Your Score History

You have not taken this quiz